000 00585nam a2200181Ia 4500
008 100917s9999 xx 000 0 und d
082 _b15613
100 _aदेवगिरीकर त्र्यंबक रघुनाथ
245 _aऔद्योगिक हिंदुस्थान
260 _b---
_c1930
300 _a160
365 _b1
520 _aनिबंध
630 _aऔद्योगिक हिंदुस्थान
650 _aनिबंध
730 _aऔद्योगिक हिंदुस्थान
942 _cBOOK
999 _c621007
_d621004